Noms de joueurs de tennis dans leur langue d'origine - Statistiques

Statistiques générales
  • Ce quiz a été pris 38 fois
  • Le résultat moyen est 14 sur 40
Statistiques - réponses
Nom d'origine Langue Nom en français % Correct
Russe
76%
Στέφανος Τσιτσιπάς a Stefanos Tsitsipas
76%
Français
74%
Grec
71%
Grec
71%
Stéphane Robert a Stéphane Robert
71%
Марат Сафин a Marat Safin
68%
Arabe
65%
Chinois
65%
Japonais
62%
錦織圭 a Kei Nishikori
50%
Thaï
47%
Coréen
44%
Turc
44%
Marsel İlhan a Marsel Ilhan
41%
Ђоковић a Novak Djokovic
38%
Григор Димитров a Grigor Dimitrov
35%
Mandarin
32%
Persan
32%
Bulgare
26%
Géorgien
26%
Hébreu
26%
Μάρκος Παγδατής a Marcos Baghdatis
26%
张之臻 a Zhizhen Zhang
26%
Arménien
21%
Ouzbek
21%
Денис Истомин a Denis Istomin
15%
ნიკოლოზ ბასილაშვილი a Nikoloz Basilashvili
15%
Serbo-croate
15%
منصور بهرامی a Mansour Bahrami
12%
Ourdou
12%
דודי סלע a Dudi Sela
9%
정현 a Hyeon Chung
9%
مالك الجزيري a Malek Jaziri
9%
ภราดร ศรีชาพันธุ์ a Paradorn Srichaphan
9%
Tamoul
9%
اعصام الحق قریشی a Aisam-Ul-Haq Qureshi
3%
Սարգիս Սարգսյան a Sargis Sargsian
3%
盧彥勳 a Lu Yen-Hsun
0%
: விஜய் அம்ரித்ராஜ் a Vijay Armitraj
0%
Aucun quiz correspondant
Distribution des résultats
% des personnes avec chaque résultat
Percentile par nombre de réponses
Votre historique - résultats
Vous n’avez pas pris ce quiz